Social Studies 8 - Map Quiz - Statistics

General Stats
  • This quiz has been taken 354 times
  • The average score is 17 of 21
Answers on the Map
Answers color-coded by a green-red scale on the quiz's map according to % correct below.
 
Answer Stats
Answer % Correct
Canada
95%
United States
93%
Mexico
91%
Brazil
90%
Russia
83%
United Kingdom
82%
Australia
80%
China
80%
India
79%
Italy
79%
Japan
79%
New Zealand
79%
South Africa
79%
France
77%
Germany
77%
Egypt
74%
South Korea
74%
Iran
73%
Saudi Arabia
69%
Ethiopia
68%
Nigeria
64%
No matching quizzes found
Score Distribution
Percent of People with Each Score
Percentile by Number Answered
Your Score History
You have not taken this quiz